|
|
|
|
| LEADER |
00000nab a2200000 a 4500 |
| 001 |
vtls009141312 |
| 003 |
SK-MaSNL |
| 005 |
20260304223205.0 |
| 008 |
140301c20070424xo dr|p|||||||000 b|slo |
| 015 |
|
|
|a SNBRB2007/09
|2 snkbucl
|
| 038 |
|
|
|a SNKBUCL
|
| 040 |
|
|
|a SNKBUCL
|b slo
|c SNKBUCL
|e AACR2
|
| 041 |
0 |
|
|a slo
|
| 044 |
|
|
|a xo
|c SK
|
| 080 |
|
|
|a 628.477:629.331:061.5
|x (437.6)
|2 2001
|
| 080 |
|
|
|a 629.331
|2 2001
|
| 245 |
0 |
0 |
|a Kovod Recycling: automobilový priemysel otvára nové možnosti
|c [autor] jz
|
| 610 |
2 |
7 |
|a Kovod recycling (Banská Bystrica, Slovensko)
|2 snkbucl
|9 1040582
|
| 650 |
0 |
7 |
|a ojazdené automobily
|2 snkbucl
|9 1250559
|
| 650 |
0 |
7 |
|a recyklácia odpadu
|2 snkbucl
|9 29450
|
| 651 |
|
7 |
|a Banská Bystrica (Slovensko)
|2 snkbucl
|9 22015
|
| 773 |
0 |
|
|t Hospodárske noviny
|g Roč. XV., č. 79 (24.4.2007)
|x 1335-4701
|
| 773 |
0 |
8 |
|t Banskobystrický kraj
|g S. 34
|
| 852 |
|
|
|a SNK
|b KIS3GCP
|
| 958 |
|
|
|a SK
|
| 999 |
|
|
|c 3166830
|d 3168760
|